Catálogo
 En Linea

Constitución de la República Dominicana. (Registro nro. 31146)

Detalles MARC
000 -CABECERA
campo de control de longitud fija 00803nam a2200229 a 4500
001 - NÚMERO DE CONTROL
campo de control 000031654
005 - FECHA Y HORA DE LA ÚLTIMA TRANSACCIÓN
campo de control 20200930063100.0
008 - DATOS DE LONGITUD FIJA--INFORMACIÓN GENERAL
campo de control de longitud fija 110629s1947 dr 000 0 spa d
040 ## - FUENTE DE LA CATALOGACIÓN
Centro catalogador/agencia de origen DO-SdBNP
Lengua de catalogación spa
Centro/agencia transcriptor BNPHU
082 ## - NÚMERO DE LA CLASIFICACIÓN DECIMAL DEWEY
Número de clasificación 342.729303
Número de documento/Ítem R426c,1947
110 2# - ENTRADA PRINCIPAL--NOMBRE DE ENTIDAD CORPORATIVA
Nombre de entidad corporativa o nombre de jurisdicción como elemento de entrada República Dominicana
9 (RLIN) 447
240 10 - TÍTULO UNIFORME
Título uniforme Constitución
245 10 - MENCIÓN DE TÍTULO
Título Constitución de la República Dominicana.
250 ## - MENCIÓN DE EDICIÓN
Mención de edición Edición oficial
260 ## - PUBLICACIÓN, DISTRIBUCIÓN, ETC.
Lugar de publicación, distribución, etc. Ciudad Trujillo, República Dominicana :
Nombre del editor, distribuidor, etc. Editora del Caribe,
Fecha de publicación, distribución, etc. 1947.
300 ## - DESCRIPCIÓN FÍSICA
Extensión 41 p. ;
Dimensiones 21 cm.
590 ## - NOTA LOCAL (RLIN)
Nota local Inventariado, 2019/VM
651 #4 - PUNTO DE ACCESO ADICIONAL DE MATERIA--NOMBRE GEOGRÁFICO
Nombre geográfico República Dominicana
Subdivisión general Constitución
9 (RLIN) 1008
651 #4 - PUNTO DE ACCESO ADICIONAL DE MATERIA--NOMBRE GEOGRÁFICO
Nombre geográfico República Dominicana
Subdivisión general Reformas Constitucionales
9 (RLIN) 35781
651 #4 - PUNTO DE ACCESO ADICIONAL DE MATERIA--NOMBRE GEOGRÁFICO
Nombre geográfico República Dominicana
Subdivisión geográfica Derecho Constitucional
9 (RLIN) 449
910 ## - DATOS DE OPCIÓN DEL USUARIO (OCLC)
Datos de opción del usuario Validado. Control de calidad. MFF
Existencias
Estado de retiro Estado de pérdida Restricciones de uso No para préstamo Código de colección Localización permanente Ubicación/localización actual Ubicación en estantería Fecha de adquisición Número de inventario Total de préstamos Signatura topográfica completa Código de barras Fecha visto por última vez Precio válido a partir de Tipo de ítem Koha Número de copia Nota pública
        Raros y valiosos General General Depósito 13.10.2011 LF2   342.729303 R426c,1947 31654-30 25.06.2020 25.06.2020 Préstamo en sala e. 3  
        Raros y valiosos General General Depósito 13.10.2011 LF2   342.729303 R426c,1947 31654-40 25.06.2020 25.06.2020 Préstamo en sala e. 4  
        Raros y valiosos General General Depósito 21.11.2011 LF2   342.729303 R426c,1947 31654-50 25.06.2020 25.06.2020 Préstamo en sala e. 5  
      Excluido de préstamo Raros y valiosos Patrimonio Dominicano Patrimonio Dominicano Depósito 29.06.2011 LF1   342.729303 R426c,1947 31654-10 25.06.2020 25.06.2020 No se presta    
      Excluido de préstamo Raros y valiosos Patrimonio Dominicano Patrimonio Dominicano Depósito 14.07.2011 LF2   342.729303 R426c,1947 31654-20 25.06.2020 25.06.2020 No se presta e. 2 Perteneció a la biblioteca personal de Francisco E. Beras.

Con tecnología Koha